Same Start - Different Capital Quiz Stats

 Plays Quiz Updated Oct 17, 2018

Challenge
Share
Tweet
Embed
Score 0/17 Timer 07:00
3 Plays Today
No. of Capitals First 3 Letters % Correct
2PAR
82.6%
2BER
73.2%
6SAN
63.3%
3BRA
63%
2BEI
62.7%
3MON
46.3%
2BEL
44.8%
4BAN
44.6%
3MAN
41%
No. of Capitals First 3 Letters % Correct
6POR
40.1%
2VIE
36.9%
2SAI
36.1%
2PRA
35.3%
3KIN
34.8%
2MAL
24.5%
2ABU
23.8%
2BIS
20.7%

You're not logged in!

Compare scores with friends on all Sporcle quizzes.
OR
Log In

You Might Also Like...

Show Comments

Extras

Top Quizzes Today


Score Distribution

Your Account Isn't Verified!

In order to create a playlist on Sporcle, you need to verify the email address you used during registration. Go to your Sporcle Settings to finish the process.

Report this User

Report this user for behavior that violates our Community Guidelines.

Details: